Estadísticas para Máximos goleadores de la Premier League 2017-2018

Haz click aquí para intentar la prueba.

Estadísticas generales

  • Esta prueba ha sido intentada 36 veces
  • La puntuación promedio es 11 de 13

Estadísticas de respuestas

GolesNacionalidadEquipoJugador% Correcto
30InglaterraTottenham HotspurHarry Kane
100%
12Corea del SurTottenham HotspurHeung-Min Son
100%
32EgiptoLiverpoolMohamed Salah
100%
20InglaterraLeicester CityJamie Vardy
97%
12ArgeliaLeicester CityRiyad Mahrez
97%
15BrasilLiverpoolRoberto Firmino
97%
21ArgentinaManchester CitySergio Agüero
97%
12BélgicaChelseaEden Hazard
94%
13BrasilManchester CityGabriel Jesus
91%
16BélgicaManchester UnitedRomelu Lukaku
91%
18InglaterraManchester CityRaheem Sterling
82%
14FranciaArsenalAlexandre Lacazette
73%
12InglaterraBrighton & Hove AlbionGlenn Murray
21%

Distribución de puntuación

Porcentaje por número respondido

Porcentaje de gente con cada puntuación

Historial de tus puntuaciones

No has intentado esta prueba.